Bienvenue à la Médiathèque de Saint-Andiol
banniere
Accueil Recherche avancée Mon compte
handi1 Rechercher dans le catalogue

Filtre   Mots-clés
  Recherche avancée
 
Lister les dernières nouveautés
 
Lister les livres GROS CARACTERES
 
Lister les périodiques (magazines)

handi1 Petite amie

Book Cover
Auteur principal : Juliette Armanet
Titre : Petite amie
Support : Disques compact audio
Langue : Francais
Genre : Documentaire
Sujets :
Étiquettes :
Pas de tags
LEADER 02457njm0a2200589 450
001 16868065
010 |a 602567413486 
071 |a 6741348  |b Barclay 
100 |a 20200910d2017 u u0frey01 ba 
101 0 |a fre 
200 0 |a Petite amie  |f Juliette Armanet 
207 1 |a   
215 |a 2 vinyles 
300 |a Coup de coeur,Coup de coeur 
327 |a L'amour en solitaire,L'indien,Sous la pluie,A la folie,Cavalier seule,Alexandre,Manque d'amour,A la guerre comme à l'amour,Un samedi soir dans l'histoire,Star triste,La carte postale,L'accident,Petite amie,La nuit,Loulou,Adieu tchin tchin,L'amour e 
330 |a Une voix, un piano, des textes : voilà l'équation de celle qui s'impose ici comme la 'Petite amie' la plus trendy de la chanson française. Auteur-compositeur-interprète, la musicienne s'inscrit dans l'héritage de la 'variété chic'. Ses refrains entêtants, ses paroles fines et ciselées, font d'elle la digne fille des grands de la chanson, de Sheller à Christophe, de Sanson à Tellier. Avec un vrai sens de la scène, la jeune femme marque profondément les esprits et assure de beaux moments musicaux, intimes et drôles à la fois, aux côtés de Julien Doré, Philippe Katerine, Sebastien Tellier, Catherine Ringer, Juliette Gréco, Paradis, Lescop... 
464 |a L'amour en solitaire 
464 |a L'indien 
464 |a Sous la pluie 
464 |a A la folie 
464 |a Cavalier seule 
464 |a Alexandre 
464 |a Manque d'amour 
464 |a A la guerre comme à l'amour 
464 |a Un samedi soir dans l'histoire 
464 |a Star triste 
464 |a La carte postale 
464 |a L'accident 
464 |a Petite amie 
464 |a La nuit 
464 |a Loulou 
464 |a Adieu tchin tchin 
464 |a L'amour en solitaire 
464 |a L'indien 
464 |a Sous la pluie 
464 |a A la folie 
464 |a Cavalier seule 
464 |a Alexandre 
464 |a Manque d'amour 
464 |a A la guerre comme à l'amour 
464 |a Un samedi soir dans l'histoire 
464 |a Star triste 
464 |a La carte postale 
464 |a L'accident 
464 |a Petite amie 
464 |a La nuit 
464 |a Loulou 
464 |a Adieu tchin tchin 
676 |a 8 
700 0 |a Armanet  |b Juliette  |4 230 
900 |a Documentaire 
995 |a Médiathèque  |c Médiathèque  |f 00156009075532  |h 00156009075532  |k 8 ARM  |o p  |q a  |r je  |e Médiathèque